000 00212nam a22000857a 4500
008 170621b xxu||||| |||| 00| 0 eng d
100 _93592
_aDhawan. R
245 _aBrand Management
260 _aNew Delhi
_bA. P. H
_c2010
999 _c6978
_d6978